| 000 | 00961nam a22002417i 4500 | ||
|---|---|---|---|
| 999 |
_c23377 _d23377 |
||
| 003 | AR-CdUCM | ||
| 008 | 250901b20192019 pe||||| |||| 00| 0 spa d | ||
| 020 | _a978-612-00-4736-1 | ||
| 040 |
_aMUNICIPALIDAD PROVINCIAL DEL CUSCO _cBIBLIOTECA MUNICIPAL DEL CUSCO |
||
| 041 | _hspa | ||
| 082 |
_a345..2 / C345 _bC345 |
||
| 100 |
_aCastillo Lira, Guido _951442 |
||
| 245 | _aJurisprudencia seleccionada sobre aspectos relevantes de la investigacion preliminar y preparatoria : | ||
| 260 |
_aCusco : _bAutor-Editor _c2019 |
||
| 300 |
_a307 páginas. : _c21x15 cm. |
||
| 505 | _aCasación -- jurisprudencia -- Recurso de nulidad -- Calificación jurídica -- Planteamiento de la tutela de derechos -- Jurisprudencia relacionada a la actividad probatoria | ||
| 650 |
_aCasación _951443 |
||
| 650 |
_aJurisprudencia _9927 |
||
| 650 |
_aRecurso de nulidad _951444 |
||
| 650 |
_aAfectacion de derechos _951445 |
||
| 942 |
_2ddc _cLIBROS |
||
| 945 |
_apbjr _d01-09-2025 |
||